Statistics for Countries with the most YouTube Users

Click here to take the quiz!

General Stats

  • This quiz has been taken 45 times
  • The average score is 7 of 10

Answer Stats

#Country% Correct
2,016United States of America
100%
1,045India
90%
817United Kingdom
88%
516Canada
86%
1,004Brazil
81%
660Mexico
81%
470Russia
71%
590Spain
62%
408South Korea
50%
398Thailand
17%

Score Distribution

Percentile by Number Answered

Percent of People with Each Score

Your Score History

You have not taken this quiz